<?xml version="1.0" encoding="UTF-8"?>
<record
    xmlns:xsi="http://www.w3.org/2001/XMLSchema-instance"
    xsi:schemaLocation="http://www.loc.gov/MARC21/slim http://www.loc.gov/standards/marcxml/schema/MARC21slim.xsd"
    xmlns="http://www.loc.gov/MARC21/slim">

  <leader>01836nam a22001817a 4500</leader>
  <controlfield tag="005">20251124102409.0</controlfield>
  <controlfield tag="008">251124b           ||||| |||| 00| 0 eng d</controlfield>
  <datafield tag="020" ind1=" " ind2=" ">
    <subfield code="a">9780199217700</subfield>
  </datafield>
  <datafield tag="050" ind1=" " ind2=" ">
    <subfield code="a">KZ3225.B76 A37(7e)</subfield>
  </datafield>
  <datafield tag="100" ind1=" " ind2=" ">
    <subfield code="9">Brownlie, Ian.</subfield>
  </datafield>
  <datafield tag="245" ind1=" " ind2=" ">
    <subfield code="a">Principles of public international law /</subfield>
    <subfield code="c">Ian Brownlie.</subfield>
  </datafield>
  <datafield tag="250" ind1=" " ind2=" ">
    <subfield code="a">7th ed.</subfield>
  </datafield>
  <datafield tag="260" ind1=" " ind2=" ">
    <subfield code="a">New York :</subfield>
    <subfield code="b">Oxford University Press,</subfield>
    <subfield code="c">2008.</subfield>
  </datafield>
  <datafield tag="300" ind1=" " ind2=" ">
    <subfield code="a">li, 784 p. :</subfield>
    <subfield code="c">26 cm.</subfield>
  </datafield>
  <datafield tag="500" ind1=" " ind2=" ">
    <subfield code="a">Includes index.</subfield>
  </datafield>
  <datafield tag="505" ind1=" " ind2=" ">
    <subfield code="a">Contents: Sources of the law -- The relation of municipal and international law -- Subjects of the law -- Incidence and continuity of statehood -- Recognition of states and governments -- Territorial sovereignty -- The creation and transfer of territorial sovereignty -- Status of territory: further problems -- Territorial sea, contiguous zones, and exclusive economic zones -- The continental shelf: delimitation of shelf areas and exclusive economic zones -- The regime of the high seas -- Common amenities and co-operation in the use of resources -- Legal aspects of the protection of the environment -- Sovereignty and equality of states -- Jurisdictional competence  -- Privileges and immunities of foreign states -- Diplomatic and consular relations -- Reservations from territorial sovereignty -- The relations of nationality -- Some rules of attribution: corporations and specific assets -- The responsibility of states -- The admissibility of state claims -- A system of multilateral public order: some incidents of illegality and the concepts of jus 
cogens -- Injury to the persons and property of aliens on the state territory -- The protection of individuals and groups: human rights and self-determination -- International criminal justice -- The law of justice -- Other transactions including agency and representation. </subfield>
  </datafield>
  <datafield tag="942" ind1=" " ind2=" ">
    <subfield code="2">lcc</subfield>
    <subfield code="c">BK</subfield>
  </datafield>
  <datafield tag="999" ind1=" " ind2=" ">
    <subfield code="c">10484</subfield>
    <subfield code="d">17984</subfield>
  </datafield>
  <datafield tag="952" ind1=" " ind2=" ">
    <subfield code="0">0</subfield>
    <subfield code="1">0</subfield>
    <subfield code="2">lcc</subfield>
    <subfield code="4">0</subfield>
    <subfield code="7">0</subfield>
    <subfield code="a">WIUC-1</subfield>
    <subfield code="b">WIUC-1</subfield>
    <subfield code="c">LL</subfield>
    <subfield code="d">2025-11-24</subfield>
    <subfield code="l">0</subfield>
    <subfield code="o">KZ3225.B76 A37(7e)</subfield>
    <subfield code="p">3539/644/25</subfield>
    <subfield code="r">2025-11-24 00:00:00</subfield>
    <subfield code="t">1</subfield>
    <subfield code="w">2025-11-24</subfield>
    <subfield code="y">BK</subfield>
  </datafield>
</record>
